| 000 | 00388 a2200109 4500 | ||
|---|---|---|---|
| 001 | ART_17428 | ||
| 005 | 20260410161820.0 | ||
| 008 | 260409a | ||
| 245 | 1 | 0 | _aCuando la estrategia vence a la constitucionalidad.Enfoque táctico dle juicio abreviado. |
| 100 | 1 | _aVanella, Carolina A. | |
| 773 | 0 |
_tDoctrina Penal Tributaria y Económica _g- Nº 20 (oct. 2011) _wREV4317 |
|
| 999 |
_c22259 _d22259 |
||